Chemical reaction engineering /
Guardado en:
| Autores Corporativos: | , , , |
|---|---|
| Otros Autores: | |
| Formato: | Libro |
| Idioma: | English |
| Publicado: |
Washington :
American Chemical Society,
1972.
|
| Series: | Advances in chemistry series ;
109 |
| Materias: | |
| Etiquetas: |
Agregar Etiqueta
Sin Etiquetas, Sea el primero en etiquetar este registro!
|
| LEADER | 01294cam a22003015a 4500 | ||
|---|---|---|---|
| 001 | EIQ.libpla003729 | ||
| 008 | 720830s1972####dcua#####b####100#0#eng#d | ||
| 005 | 20080306162608.0 | ||
| 245 | 1 | 0 | |a Chemical reaction engineering / |c Kenneth B. Bischoff, symposium chairman. |
| 260 | |a Washington : |b American Chemical Society, |c 1972. | ||
| 300 | |a xvi, 685 p. : |b il. ; |c 24 cm. | ||
| 440 | 0 | |a Advances in chemistry series ; |v 109 | |
| 500 | |a "Co-sponsored by the American Institute of Chemical Engineers, the European Federation of Chemical Engineering, and the American Chemical Society." | ||
| 504 | |a Incluye referencias bibliográficas. | ||
| 020 | |a 0841201498 | ||
| 111 | 2 | |a International Symposium on Chemical Reaction Engineering |n (1st : |d 1970 : |c Washington, D.C.) | |
| 700 | 1 | |a Bischoff, Kenneth B. | |
| 710 | 2 | |a American Institute of Chemical Engineers. | |
| 710 | 2 | |a European Federation of Chemical Engineering. | |
| 710 | 2 | |a American Chemical Society. | |
| 082 | 0 | 0 | |a 660.2/9/9 |
| 650 | 4 | |a Ingeniería química |x Congresos. | |
| 650 | 4 | |a Reacciones químicas |x Congresos. | |
| 650 | 0 | |a Chemical engineering |x Congresses. | |
| 650 | 0 | |a Chemical reactions |x Congresses. | |
| 010 | |a 72084256 | ||
| 040 | |a DLC |c DLC |d ICU |d DLC |d AR-BbSID | ||
| 859 | |a AR-BbSID |b BIB. PLAPIQUI |h 541.39 |i In 8 |p 443 | ||
